By the King. Whereas the Kings Maiestie, for the better reliefe and sustentation of the poorer sort of people within this his kingdome, in this time of scarcitie and dearth of corne and graine, did out of his princely and gracious disposition, lately cause certaine orders to bee generally published and sent into all the counties, cities, and principall places of this realme for the seruing of the markets from time to time with conuenient quantities of corne and graine, whereby the poore might be chiefly prouided for with so much thereof, as should be necessary for them at reasonable rates ...

Bibliographic Details
Corporate Author: England and Wales. Sovereign (1603-1625 : James I)
Other Authors: James I, King of England, 1566-1625
Format: eBook
Language:English
Published: Imprinted at London : By the deputies of Robert Barker, printer to the Kings most excellent Majestie, Anno 1608.
Series:Early English books online.
Subjects:
Online Access:Connect to the full text of this electronic book

MARC

Tag First Indicator Second Indicator Subfields
LEADER 00000nam a2200000 4500
001 in00004176421
005 20200807083301.0
006 m g d
007 cr bn |||a|bb|
008 921110s1608 enk o o00| | eng d
035 |a (UnM)99856876 
037 |a CL0036000048  |b ProQuest. 789 E. Eisenhower Parkway, Ann Arbor, MI 48108-3218 
040 |a Cu-RivES  |c Cu-RivES  |d CStRLIN  |e dcrb  |d WaOLN 
110 1 |a England and Wales.  |b Sovereign (1603-1625 : James I) 
240 1 0 |a Proclamations. 1608-12-12 
245 1 0 |a By the King. Whereas the Kings Maiestie, for the better reliefe and sustentation of the poorer sort of people within this his kingdome, in this time of scarcitie and dearth of corne and graine, did out of his princely and gracious disposition, lately cause certaine orders to bee generally published and sent into all the counties, cities, and principall places of this realme for the seruing of the markets from time to time with conuenient quantities of corne and graine, whereby the poore might be chiefly prouided for with so much thereof, as should be necessary for them at reasonable rates ... 
246 2 |a Proclamations. 1608-12-12. 
260 |a Imprinted at London :  |b By the deputies of Robert Barker, printer to the Kings most excellent Majestie,  |c Anno 1608. 
300 |a 1 online resource (1 sheet ([1] pages) 
336 |a text  |b txt  |2 rdacontent 
337 |a computer  |b c  |2 rdamedia 
338 |a online resource  |b cr  |2 rdacarrier 
500 |a Limiting the amount of barley used to make malt. 
500 |a Title from caption title and opening words of text. 
500 |a Dated at end: Giuen .. the xij. day of December, in the sixt yeere of our reigne .. 
500 |a Reproduction of the original in the Henry E. Huntington Library and Art Gallery. 
510 4 |a STC (2nd edition)  |c 8424. 
510 3 |a Steele, R. Tudor and Stuart proclamations, I, 1068. 
533 |a Electronic reproduction.  |b Ann Arbor, Mich. :  |c UMI,  |d 1999-  |f (Early English books online)  |n Digital version of: (Early English books, 1475-1640 ; 1686:3)  |7 s1999 miun s 
650 0 |a Grain trade  |x Law and legislation  |z Great Britain  |v Early works to 1800. 
650 0 |a Brewing industry  |x Law and legislation  |z Great Britain  |v Early works to 1800. 
700 0 |a James  |b I,  |c King of England,  |d 1566-1625. 
830 0 |a Early English books online. 
856 4 0 |u http://proxy.library.tamu.edu/login?url=https://search.proquest.com/docview/2240891576  |z Connect to the full text of this electronic book  |t 0 
999 f f |s fe22dd7e-acb5-343a-9024-71e1b0637943  |i dfbfcbef-bb18-33d1-a949-ddde79bdda32  |t 0 
952 f f |a Texas A&M University  |b College Station  |c Electronic Resources  |d Available Online  |t 0  |h No information provided 
998 f f |t 0  |l Available Online